[Event "Pyramiden Cup 2016"]
[Site "Fuerth"]
[Date "2016.09.04"]
[Round "7.39"]
[White "Grafe, Wilhelm"]
[Black "Meyer, Robert"]
[Result "1-0"]
[WhiteElo "2158"]
[BlackElo "1748"]
[PlyCount "99"]
[EventDate "2016.??.??"]
[WhiteTeam "SC NT Nürnberg"]
[BlackTeam "SC Stein"]

1. Nf3 d5 2. d4 Nf6 3. g3 g6 4. Bg2 Bg7 5. O-O O-O 6. c4 c6 7. b3 Nbd7 8. Bb2
dxc4 9. bxc4 Nb6 10. Nbd2 Be6 11. Qc2 Qc8 12. Rfd1 Qc7 13. Rac1 Rac8 14. Ne5
Ng4 15. Nd3 h5 16. h3 Nh6 17. d5 Bxb2 18. Qxb2 Bd7 19. e4 cxd5 20. cxd5 Qb8 21.
Qb4 Rxc1 22. Rxc1 Re8 23. Nb3 f6 24. Nbc5 Nf7 25. a4 Bc8 26. a5 Nd7 27. Ne6 Qd6
28. Nc7 Qxb4 29. Nxb4 Rd8 30. Nb5 a6 31. Na7 Nd6 32. Rc7 Kf8 33. Nxc8 Nxc8 34.
Rxb7 Nc5 35. Rc7 Nb3 36. Nc6 Re8 37. Bf1 Nd6 38. Bxa6 Nc5 39. Bf1 Ncxe4 40. a6
Nc8 41. Nd4 Ned6 42. Bb5 Nxb5 43. Nxb5 Nb6 44. d6 exd6 45. Rb7 Na8 46. Nxd6 Re6
47. Rb8+ Ke7 48. Nc8+ Kd7 49. Rxa8 Rc6 50. a7 1-0

[Event "Pyramiden Cup 2016"]
[Site "Fuerth"]
[Date "2016.09.04"]
[Round "7.40"]
[White "Hoffmann, Sebastian"]
[Black "Siewert, Wolfgang"]
[Result "1-0"]
[WhiteElo "2003"]
[BlackElo "1736"]
[PlyCount "125"]
[EventDate "2016.??.??"]
[WhiteTeam "SC NT Nürnberg"]
[BlackTeam "SV Ei Reichenbrand"]

1. e4 e6 2. Nf3 c5 3. c3 b6 4. d4 Bb7 5. Bd3 Qc7 6. O-O d6 7. Bf4 Nf6 8. Re1
Nbd7 9. Nbd2 Nh5 10. Be3 g6 11. e5 dxe5 12. dxe5 a6 13. Bg5 h6 14. Bh4 g5 15.
Bg3 Nxg3 16. hxg3 Be7 17. Be4 h5 18. Bxb7 Qxb7 19. Nc4 O-O-O 20. Qc2 g4 21.
Nfd2 b5 22. Na3 h4 23. Nf1 h3 24. Qe4 Qxe4 25. Rxe4 Rdg8 26. Nh2 c4 27. Nc2 Nc5
28. Rxg4 hxg2 29. Rxg8+ Rxg8 30. Ne1 Rd8 31. Nhf3 Nd3 32. Nxd3 cxd3 33. Rd1 b4
34. c4 f6 35. b3 Kc7 36. Kxg2 Kb6 37. exf6 Bxf6 38. Ne1 d2 39. Nf3 Bc3 40. Kf1
e5 41. Ke2 e4 42. Nxd2 e3 43. Kxe3 Re8+ 44. Kf3 Rd8 45. Ke3 Bd4+ 46. Ke2 Re8+
47. Kf1 Rh8 48. Kg2 Re8 49. Nf3 Bc3 50. Ng1 a5 51. f4 a4 52. Kf3 axb3 53. axb3
Ra8 54. f5 Ra3 55. Rb1 Kc5 56. Ke4 Ra2 57. g4 Rg2 58. Kf3 Rd2 59. g5 Rd3+ 60.
Kg4 Rd2 61. g6 Rg2+ 62. Kf4 Rd2 63. Nf3 1-0

[Event "Pyramiden Cup 2016"]
[Site "Fuerth"]
[Date "2016.09.04"]
[Round "7.41"]
[White "Pfadenhauer, Tobias"]
[Black "Cordts, Elof"]
[Result "1-0"]
[WhiteElo "1819"]
[BlackElo "1649"]
[PlyCount "79"]
[EventDate "2016.??.??"]
[WhiteTeam "Kronacher SK"]
[BlackTeam "SC Erlangen"]

1. d4 Nf6 2. Nf3 e6 3. Bg5 Be7 4. e3 O-O 5. Bd3 h6 6. Bh4 d6 7. O-O Nc6 8. c4
Nd7 9. Bxe7 Qxe7 10. Nc3 Nf6 11. Rb1 Nh7 12. b4 Ng5 13. Nxg5 Qxg5 14. b5 Ne7
15. f4 Qh4 16. g3 Qh3 17. Ne4 e5 18. f5 Nxf5 19. Nf2 Nxe3 20. Qf3 Qe6 21. Qxe3
f5 22. dxe5 dxe5 23. Nd1 b6 24. Nc3 Bb7 25. Rbd1 Rad8 26. Rd2 Kh8 27. Rfd1 f4
28. gxf4 Rxf4 29. Be2 Rxd2 30. Rxd2 Qe7 31. Nd5 Qg5+ 32. Qg3 Qxg3+ 33. hxg3 Rd4
34. Rxd4 exd4 35. Nxc7 Be4 36. Bd1 Kg8 37. Ne6 d3 38. Kf2 Bf5 39. Nd4 Bg6 40.
Ke3 1-0

[Event "Pyramiden Cup 2016"]
[Site "Fuerth"]
[Date "2016.09.04"]
[Round "7.42"]
[White "Schulz, Horst"]
[Black "Dippel, Joerg"]
[Result "1/2-1/2"]
[WhiteElo "1739"]
[BlackElo "1799"]
[PlyCount "29"]
[EventDate "2016.??.??"]
[WhiteTeam "SC Höchstadt/Aisch"]
[BlackTeam "SC And Nbg"]

1. d4 d5 2. e3 Nf6 3. f4 Bf5 4. Nf3 h6 5. c4 e6 6. Nc3 c6 7. Bd2 Be7 8. c5 Nbd7
9. Be2 Be4 10. O-O Qc7 11. Ne5 g6 12. b4 O-O 13. b5 Nxe5 14. fxe5 Nd7 15. Nxe4
1/2-1/2

[Event "Pyramiden Cup 2016"]
[Site "Fuerth"]
[Date "2016.09.04"]
[Round "7.43"]
[White "Michel, Philipp"]
[Black "Balhar, Michael"]
[Result "0-1"]
[WhiteElo "1683"]
[BlackElo "1769"]
[PlyCount "64"]
[EventDate "2016.??.??"]
[WhiteTeam "SC Erlangen"]
[BlackTeam "SC Erlangen"]

1. e4 c5 2. Nf3 e6 3. Nc3 a6 4. a4 d5 5. exd5 exd5 6. d4 Nf6 7. Bg5 Be6 8. Be2
b6 9. O-O Be7 10. Ne5 O-O 11. dxc5 bxc5 12. Bf3 Ra7 13. Re1 d4 14. Ne4 Nxe4 15.
Bxe7 Rxe7 16. Bxe4 Bd5 17. Bxd5 Qxd5 18. Nf3 Rfe8 19. Qd2 Nc6 20. c3 d3 21.
Rad1 c4 22. Rxe7 Rxe7 23. Qf4 Re2 24. Nd4 Re8 25. Kf1 Nxd4 26. cxd4 h6 27. f3
Re2 28. Qb8+ Kh7 29. Qb6 Qg5 30. g3 Qe3 31. d5 Qxb6 32. Rxd3 Qf2# 0-1

[Event "Pyramiden Cup 2016"]
[Site "Fuerth"]
[Date "2016.09.04"]
[Round "7.44"]
[White "Hirn, Thomas"]
[Black "Homi, Joseph"]
[Result "1/2-1/2"]
[WhiteElo "1734"]
[BlackElo "1787"]
[PlyCount "57"]
[EventDate "2016.??.??"]
[WhiteTeam "TuS Fürstenfeldbruck"]
[BlackTeam "SG Fürth"]

1. e4 c6 2. Nf3 d5 3. exd5 cxd5 4. d4 Bg4 5. c3 Nc6 6. Bf4 Nf6 7. Be2 e6 8.
Nbd2 Bd6 9. Bg5 Rc8 10. h3 Bf5 11. Nh4 Bg6 12. Nxg6 hxg6 13. Nf3 Qc7 14. Be3
O-O 15. O-O Na5 16. Qb1 Nc4 17. Bg5 Ne4 18. Bd3 Nxg5 19. Nxg5 Nd2 20. Qc2 Nxf1
21. Bxg6 fxg6 22. Qxg6 Rfe8 23. Qh7+ Kf8 24. Qh8+ Ke7 25. Qxg7+ Kd8 26. Nf7+
Kd7 27. Ne5+ Kd8 28. Nf7+ Kd7 29. Ne5+ 1/2-1/2

[Event "Pyramiden Cup 2016"]
[Site "Fuerth"]
[Date "2016.09.04"]
[Round "7.45"]
[White "Semenova, Alisa"]
[Black "Gress, Patrick Daniel"]
[Result "1/2-1/2"]
[WhiteElo "1646"]
[BlackElo "1362"]
[PlyCount "49"]
[EventDate "2016.??.??"]
[WhiteTeam "SC NT Nürnberg"]
[BlackTeam "SK Herzogenaurach"]

1. e4 Nf6 2. Nc3 d5 3. exd5 Nxd5 4. Bc4 c6 5. Nge2 Bf5 6. a3 e6 7. d4 Bd6 8. h3
h6 9. Bd3 Bxd3 10. Qxd3 Nd7 11. Ne4 Bc7 12. c4 N5f6 13. N2c3 Nxe4 14. Nxe4 Nf6
15. Be3 Nxe4 16. Qxe4 O-O 17. O-O Re8 18. Rad1 Qd6 19. g3 Rad8 20. Qf3 Qe7 21.
Rfe1 Kh7 22. b4 Bb6 23. d5 Bxe3 24. Rxe3 Rd6 25. Rde1 1/2-1/2

[Event "Pyramiden Cup 2016"]
[Site "Fuerth"]
[Date "2016.09.04"]
[Round "7.46"]
[White "Lehmann, Tornalf"]
[Black "Kocak, Ediz"]
[Result "0-1"]
[WhiteElo "1675"]
[BlackElo "1819"]
[PlyCount "66"]
[EventDate "2016.??.??"]
[WhiteTeam "SC Heilsbronn"]
[BlackTeam "SW Nürnberg Süd"]

1. d4 Nf6 2. Bg5 Ne4 3. Bf4 d5 4. e3 Bf5 5. f3 Nf6 6. h3 e6 7. Bd3 Bg6 8. Ne2
c5 9. O-O Nc6 10. c3 Bd6 11. Na3 O-O 12. Nb5 Bxf4 13. Nxf4 Bxd3 14. Nxd3 a6 15.
Na3 cxd4 16. cxd4 Qd6 17. Nc2 Rfc8 18. Rc1 Ne7 19. Nf2 Ng6 20. e4 Qg3 21. Nh1
Qh4 22. e5 Nh5 23. Qe1 Nhf4 24. Qd2 Qg5 25. Kh2 Nxh3 26. Qxg5 Nxg5 27. f4 Ne4
28. g4 Rc7 29. Ng3 Rac8 30. Nxe4 Rxc2+ 31. Rxc2 Rxc2+ 32. Rf2 Rxf2+ 33. Nxf2
Nxf4 0-1

[Event "Pyramiden Cup 2016"]
[Site "Fuerth"]
[Date "2016.09.04"]
[Round "7.47"]
[White "Schoebel, Klaus"]
[Black "Dreiseitel, Werner"]
[Result "1/2-1/2"]
[WhiteElo "1742"]
[BlackElo "1599"]
[PlyCount "67"]
[EventDate "2016.??.??"]
[WhiteTeam "SK Herzogenaurach"]
[BlackTeam "SG Fürth"]

1. e4 c6 2. Nc3 d5 3. Nf3 dxe4 4. Nxe4 Bg4 5. Bc4 e6 6. Be2 Nd7 7. d4 Ngf6 8.
Nc3 Qc7 9. h3 Bh5 10. Be3 Bd6 11. Qd2 a6 12. O-O O-O 13. Ng5 Bxe2 14. Qxe2 c5
15. Nge4 cxd4 16. Bxd4 Nxe4 17. Nxe4 Be5 18. Rfd1 Rfd8 19. c3 h6 20. Rd3 Nb6
21. Qg4 Bxd4 22. cxd4 Nd5 23. Nc3 Nf6 24. Qf3 Rd7 25. Rad1 Rad8 26. Ne4 Nxe4
27. Qxe4 Qc2 28. R1d2 Qb1+ 29. Kh2 Qxa2 30. Rg3 Qd5 31. Qe3 e5 32. Qxh6 f6 33.
Qxf6 exd4 34. Rg5 1/2-1/2

[Event "Pyramiden Cup 2016"]
[Site "Fuerth"]
[Date "2016.09.04"]
[Round "7.48"]
[White "Merkel, Luis"]
[Black "Meyer, Nico"]
[Result "0-1"]
[WhiteElo "1571"]
[BlackElo "1550"]
[PlyCount "52"]
[EventDate "2016.??.??"]
[WhiteTeam "SG Büchenbach/Roth"]
[BlackTeam "SC Bechhofen"]

1. e4 e5 2. Nf3 Nc6 3. Bc4 Bc5 4. c3 Nf6 5. d4 exd4 6. cxd4 Bb4+ 7. Nc3 d5 8.
exd5 Nxd5 9. O-O Bxc3 10. bxc3 O-O 11. Re1 Nb6 12. Bg5 Qd7 13. Bb3 Qf5 14. d5
Na5 15. Re5 Qd7 16. Re7 Qd6 17. Qe1 Nxb3 18. axb3 Nxd5 19. Rd1 f6 20. c4 Qxe7
21. Qd2 Nb6 22. Bf4 Bg4 23. Re1 Qd7 24. Qb4 Rfe8 25. Be3 Bxf3 26. gxf3 Rad8 0-1

[Event "Pyramiden Cup 2016"]
[Site "Fuerth"]
[Date "2016.09.04"]
[Round "7.49"]
[White "Mitin, Daniel"]
[Black "Weissig, Kersten"]
[Result "1-0"]
[WhiteElo "1146"]
[BlackElo "1232"]
[PlyCount "99"]
[EventDate "2016.??.??"]
[WhiteTeam "SG Büchenbach/Roth"]
[BlackTeam "SV Deggendorf"]

1. e4 e5 2. Nf3 Nc6 3. Bb5 a6 4. Ba4 Be7 5. O-O b5 6. Bb3 Nf6 7. Re1 O-O 8. c3
d5 9. exd5 Nxd5 10. d4 Bg4 11. dxe5 Bxf3 12. Qxf3 Nxe5 13. Rxe5 Nf6 14. Bg5 Qd6
15. Bxf6 Bxf6 16. Rd5 Qe7 17. Nd2 Rfe8 18. Nf1 c5 19. Qd3 c4 20. Bxc4 bxc4 21.
Qxc4 Qb7 22. Rd2 h6 23. Re2 Red8 24. Rae1 Rac8 25. Qa4 Kh7 26. Qe4+ Qxe4 27.
Rxe4 Rb8 28. R1e2 Rd1 29. Rb4 Rbd8 30. Rb7 Kg6 31. Rb6 Ra1 32. Rxa6 Rdd1 33. g3
Rxf1+ 34. Kg2 Rfd1 35. c4 Kh7 36. b4 Rab1 37. a3 Rdc1 38. c5 h5 39. c6 Bd4 40.
Rd2 Rg1+ 41. Kh3 g5 42. Rxd4 Rh1 43. c7 g4+ 44. Kh4 Rxh2+ 45. Kg5 Re1 46. Rh6+
Kg7 47. Rxh5 Re5+ 48. Kxg4 Rhxh5 49. c8=Q Reg5+ 50. Kf4 1-0

[Event "Pyramiden Cup 2016"]
[Site "Fuerth"]
[Date "2016.09.04"]
[Round "7.50"]
[White "Weissig, Timon"]
[Black "Suva, Karl"]
[Result "0-1"]
[WhiteElo "1020"]
[BlackElo "1646"]
[PlyCount "56"]
[EventDate "2016.??.??"]
[WhiteTeam "SV Deggendorf"]
[BlackTeam "vereinslos"]

1. c4 c5 2. Nc3 Nc6 3. g3 Nf6 4. Bg2 e5 5. e4 Nd4 6. Nge2 Be7 7. O-O d6 8. Nd5
h5 9. Nxd4 cxd4 10. d3 h4 11. Bg5 hxg3 12. fxg3 Nxd5 13. Bxe7 Qxe7 14. exd5 Qg5
15. Qf3 f6 16. b4 Bg4 17. Qf2 O-O-O 18. a4 f5 19. Rac1 Rxh2 20. Kxh2 Rh8+ 21.
Kg1 Qh6 22. Qc2 f4 23. Qd2 Qh2+ 24. Kf2 Qxg3+ 25. Kg1 f3 26. Rf2 Rh2 27. Kf1
fxg2+ 28. Rxg2 Rh1+ 0-1

[Event "Pyramiden Cup 2016"]
[Site "Fuerth"]
[Date "2016.09.04"]
[Round "7.51"]
[White "Schunk, Eduard"]
[Black "Adiyaman, Rene"]
[Result "1-0"]
[WhiteElo "2316"]
[BlackElo "1882"]
[PlyCount "85"]
[EventDate "2016.??.??"]
[WhiteTeam "vereinslos"]
[BlackTeam "DBSB"]

1. e4 e5 2. Nc3 Nf6 3. g3 d5 4. exd5 Nxd5 5. Bg2 Be6 6. Nf3 Nc6 7. O-O g6 8.
Qe2 Bg7 9. Qb5 O-O 10. Qe2 Qe7 11. d3 Nxc3 12. bxc3 e4 13. Qxe4 Bxc3 14. Rb1
Qd7 15. Ng5 Bxa2 16. Rxb7 Nd4 17. Qh4 h5 18. Ne4 Ne2+ 19. Kh1 Bd5 20. Nxc3 Nxc3
21. Qf6 Bxg2+ 22. Kxg2 Nd5 23. Qf3 Rfb8 24. Rxb8+ Rxb8 25. c4 Ne7 26. Bf4 Nf5
27. Ra1 Nd4 28. Qd5 Qxd5+ 29. cxd5 Nb5 30. Rb1 Rb6 31. Be3 Rb7 32. Bc5 Kg7 33.
f4 Kf6 34. Kf3 Kf5 35. h3 g5 36. g4+ Kg6 37. f5+ Kf6 38. Re1 hxg4+ 39. Kxg4 a5
40. Be7+ Kg7 41. Kxg5 Rb8 42. Re4 Nd6 43. Bf6+ 1-0

[Event "Pyramiden Cup 2016"]
[Site "Fuerth"]
[Date "2016.09.04"]
[Round "7.52"]
[White "Suess, Stefan"]
[Black "Lindenmair, Anton"]
[Result "1/2-1/2"]
[WhiteElo "2049"]
[BlackElo "1997"]
[PlyCount "26"]
[EventDate "2016.??.??"]
[WhiteTeam "SC NT Nürnberg"]
[BlackTeam "DBSB"]

1. e4 e5 2. Nf3 Nf6 3. Nxe5 d6 4. Nf3 Nxe4 5. Nc3 Nxc3 6. dxc3 Nc6 7. Be3 Be7
8. Qd2 Be6 9. Nd4 Nxd4 10. cxd4 d5 11. Bd3 Qd7 12. Bf4 Bd6 13. Bxd6 Qxd6
1/2-1/2

[Event "Pyramiden Cup 2016"]
[Site "Fuerth"]
[Date "2016.09.04"]
[Round "7.53"]
[White "Hornung, Hans"]
[Black "Eichstaedt, Mirko"]
[Result "0-1"]
[WhiteElo "2050"]
[BlackElo "2236"]
[PlyCount "88"]
[EventDate "2016.??.??"]
[WhiteTeam "SK Klosterlechfeld"]
[BlackTeam "DBSB"]

1. b3 Nf6 2. Bb2 d5 3. e3 g6 4. Bxf6 exf6 5. d4 Bf5 6. Nd2 Bb4 7. Ne2 h5 8. a3
Bd6 9. c4 c6 10. Nc3 Bc7 11. cxd5 cxd5 12. Bb5+ Kf8 13. O-O a6 14. Be2 Bxh2+
15. Kxh2 Qc7+ 16. Kg1 Qxc3 17. Qc1 Qxc1 18. Rfxc1 Nc6 19. Rc5 Be6 20. b4 Ke7
21. Rac1 Kd6 22. Bf3 f5 23. Bd1 f6 24. Ba4 Ne7 25. Nf3 g5 26. Ne1 Rhc8 27. Nd3
b6 28. Rxc8 Bxc8 29. f4 g4 30. Kf2 Bd7 31. Bxd7 Kxd7 32. a4 a5 33. b5 h4 34.
Ke2 Rh8 35. Rh1 Nc8 36. Nb2 Nd6 37. Nd1 Ne4 38. Ke1 Ke6 39. Rh2 Kf7 40. Ke2 Kg6
41. Kd3 Kh5 42. Rh1 Rc8 43. Rf1 Rc4 44. Nf2 Rc3+ 0-1

[Event "Pyramiden Cup 2016"]
[Site "Fuerth"]
[Date "2016.09.04"]
[Round "7.54"]
[White "Weissmann, Peter"]
[Black "Riegler, Dieter"]
[Result "0-1"]
[WhiteElo "1778"]
[BlackElo "2054"]
[PlyCount "76"]
[EventDate "2016.??.??"]
[WhiteTeam "SK Zirndorf"]
[BlackTeam "DBSB"]

1. e4 c5 2. Nf3 d6 3. d4 cxd4 4. Nxd4 Nf6 5. Nc3 Nc6 6. Be2 e5 7. Nb3 Be7 8.
Bg5 Nxe4 9. Bxe7 Nxc3 10. Bxd8 Nxd1 11. Rxd1 Kxd8 12. Rxd6+ Ke7 13. Rd2 Bf5 14.
c3 Rhd8 15. Rxd8 Rxd8 16. O-O Be6 17. Rd1 Rd6 18. Rxd6 Kxd6 19. Nc1 f5 20. Kf1
a5 21. b3 Ne7 22. c4 Nc6 23. Ke1 Nd4 24. Kd2 e4 25. Kc3 Ke5 26. a3 f4 27. f3
Nxe2+ 28. Nxe2 exf3 29. gxf3 g5 30. b4 axb4+ 31. axb4 h5 32. Nc1 Bf5 33. Nd3+
Bxd3 34. Kxd3 g4 35. fxg4 hxg4 36. Ke2 Kd4 37. c5 Kc4 38. h3 gxh3 0-1